[Event "Foment Martinenc op-C 19st"]
[Site "Barcelona"]
[Date "2017.06.17"]
[Round "9.12"]
[White "Alegre Monmany, Eric"]
[Black "Punsola Mena, Pol"]
[Result "1-0"]
[WhiteElo "1729"]
[BlackElo "1764"]
[PlyCount "115"]
[EventDate "2017.04.22"]
[EventType "swiss"]
[EventRounds "9"]
[EventCountry "ESP"]
[SourceTitle "EXT 2024"]
[Source "ChessBase"]
[SourceDate "2023.10.10"]
[SourceVersion "1"]
[SourceVersionDate "2023.10.10"]
[SourceQuality "1"]

1. e4 c5 2. c3 d5 3. exd5 Qxd5 4. d4 Nf6 5. Nf3 Nc6 6. Bd3 Bg4 7. Be2 Rd8 8. h3 Bh5 9. Be3 e6 10. Nbd2 Be7 11. Nb3 Ne4 12. 0-0 0-0 13. Qd3 b5 14. Qxb5 cxd4 15. Qxd5 Rxd5 16. Nbxd4 Nxd4 17. Bxd4 Rb8 18. Rab1 Bxf3 19. Bxf3 Nd2 20. Bxd5 Nxf1 21. Kxf1 exd5 22. Bxa7 Ra8 23. Bd4 Rxa2 24. Re1 Kf8 25. b4 Rb2 26. Bxg7+ Kxg7 27. Rxe7 Rb3 28. Re3 d4 29. cxd4 Rxb4 30. Rd3 Rb6 31. Ke2 Kf6 32. Re3 Rb2+ 33. Kf3 Rd2 34. Re4 Kg5 35. Ke3 Ra2 36. h4+ Kf5 37. g4+ Kf6 38. Rf4+ Ke6 39. Ke4 Re2+ 40. Kd3 Ra2 41. Rf5 Ra4 42. Rf4 Ra1 43. d5+ Kxd5 44. Rxf7 Ra3+ 45. Ke2 h6 46. g5 hxg5 47. hxg5 Ke6 48. Rb7 Kf5 49. Rb5+ Kg6 50. Kf1 Ra4 51. Ke2 Rg4 52. Ke3 Rxg5 53. Rxg5+ Kxg5 54. Ke4 Kg6 55. Ke5 Kg7 56. Ke6 Kg8 57. f4 Kg7 58. f5 1-0